| 000 | 00444 a2200181 4500 | ||
|---|---|---|---|
| 003 | Nust | ||
| 005 | 20170207171534.0 | ||
| 020 | _a0273701959 | ||
| 040 | _cNust | ||
| 082 | _a658.3 | ||
| 100 | _aJacques, Ian | ||
| 245 |
_aMathematics for economics and business (EBOOK) _cIan Jacques |
||
| 250 | _a5th | ||
| 260 |
_aNew York _bPrentice Hall _c2006 |
||
| 300 | _a696 p. | ||
| 650 | _aMathematics for economics | ||
| 651 | _aMathematics for business | ||
| 942 |
_2ddc _cBK |
||
| 999 |
_c217163 _d217163 |
||